=LDR 00000nam 2200000 4500 =001 INLIS000000000049774 =005 20240223073916 =035 ##$$a 0010-031700000000219 =008 240223###########################0#ind## =020 ##$$a 978-602-9434-88-0 =040 ##$$a NBPDMAT =082 ##$$a 371.9 =090 ##$$a 371.9 Alf m =100 ##$$a Alfan Noor Rakhmat =245 1#$$a Menjadi orangtua yang istimewa bagi anak berkebutuhan khusus /$c Alfan Noor Rakhmat ; editor Qoni =260 ##$$a Yogyakarta :$b Familia,$c 2015 =300 ##$$a viii, 80 hlm. : $b ilus ; $c 21 cm. =500 ##$$a Bibliografi : hlm. 73 - 76 =650 #4$$a Pendidikan Luar Biasa =700 #$$a Qoni =850 ##$$a NBPDMAT =084 ##$$a 371.9 ALF m =990 ##$$a 21605900 =990 ##$$a 21605901 =990 ##$$a 21605902 =990 ##$$a 21605903 =990 ##$$a 21605904